The Offspring Albums - Statistics

General Stats
  • This quiz has been taken 179 times
    41 since last reset
  • The average score is 8 of 11
Answer Stats
Year Album % Correct
1998 Americana
97%
1994 Smash
91%
1989 The Offspring
79%
1992 Ignition
76%
2003 Splinter
73%
1997 Ixnay on the Hombre
70%
2008 Rise and Fall, Rage and Grace
70%
2012 Days Go By
67%
2024 Supercharged
67%
2000 Conspiracy of One
61%
2021 Let The Bad Times Roll
58%
No matching quizzes found
Score Distribution
Percent of People with Each Score
Percentile by Number Answered
Your Score History
You have not taken this quiz since the last reset